00540 a2200181 4500041000800000082001700008100002500025245002900050260003400079300001000113650002300123653001400146942001300160650003200173650001800205999001700223952011800240 aEng a370.1bR733m aRoss, Stephen917531 aThe meaning of education aHaguebMartinus Nijhoffc1966 a114p. aCommunication9564 aEducation 2ddccGEN aEducational psychology9999 aInternet9132 c57933d57925 00102ddc4070aTUCLbTUCLd2011-02-16l1o370.1 R733mpG18316r2016-02-02 00:00:00s2015-12-21w2011-02-16yGEN